Morfología evolutiva de los cordados
-д хадгалсан:
| Үндсэн зохиолч: | |
|---|---|
| Формат: | Ном |
| Хэл сонгох: | испани |
| Хэвлэсэн: |
Barcelona
Omega
1976
|
| Нөхцлүүд: | |
| Шошгууд: |
Шошго нэмэх
Шошго байхгүй, Энэхүү баримтыг шошголох эхний хүн болох!
|
MARC
| LEADER | 00000nam a2200000 a 4500 | ||
|---|---|---|---|
| 001 | UCT5184 | ||
| 003 | CL-VaPUC | ||
| 005 | 20230112074254.0 | ||
| 008 | 961205e19760000SP |||||||||||||||||spa|d | ||
| 999 | |c 254183 |d 254181 | ||
| 040 | |c Pontificia Universidad Católica de Valparaíso | ||
| 082 | 0 | 4 | |a 592.04 PIR 1976 |2 21 |
| 100 | 0 | |a Pirlot, Paul |9 374502 | |
| 245 | 1 | 0 | |a Morfología evolutiva de los cordados |
| 260 | |a Barcelona |b Omega |c 1976 | ||
| 300 | |a 966 páginas | ||
| 583 | |a last modification |c 19961205 00:00:00 |k Rodrigo Vera | ||
| 650 | 0 | |a Morfología |9 334440 | |
| 650 | 0 | |a Biología |9 262022 | |
| 650 | 0 | |a Anatomía |9 261202 | |
| 650 | 7 | |a CORDADOS |2 CL-VaPUC |9 338538 | |
| 650 | 0 | |a Invertebrados |9 261302 | |
| 942 | |c BK |2 ddc | ||
| 945 | |d 19961205 00:00:00 |a paguirre | ||
| 952 | |0 0 |1 0 |2 ddc |4 0 |6 592_040000000000000_PIR_1976 |7 0 |8 A |9 275653 |a BIBCUR |b BIBCUR |d 2019-11-19 |i 1791982 |l 2 |o 592.04 PIR 1976 |p 1791982 |r 2025-04-22 |s 2024-10-03 |t 1 |w 2019-11-19 |y BK |k BIO | ||